| 000 | 00000nam 2200000za 4500 |
| 001 | 9.838031 |
| 003 | CaOODSP |
| 005 | 20221107151300 |
| 007 | cr ||||||||||| |
| 008 | 170609s1977 onc #o f000 0 eng d |
| 040 | |aCaOODSP|beng |
| 041 | |aeng|afre |
| 043 | |an-cn--- |
| 086 | 1 |aR5-247/1977-PDF |
| 100 | 1 |aSaigaonkar, D. G. |
| 245 | 10|aEducational staff record 1976-1977 |h[electronic resource] = |bÉtat de service du personnel éducatif 1976-1977 / |cD.G. Saigaonkar. |
| 246 | 11|aÉtat de service du personnel éducatif 1976-1977 |
| 260 | |a[Ottawa?] : |bIndian and Eskimo Affairs Program, Program Statistics Division, |c1977. |
| 300 | |a7, [2] p. |
| 500 | |a"June 17, 1977." |
| 500 | |aDigitized edition from print [produced by Indigenous and Northern Affairs Canada]. |
| 520 | |a"Statistics Canada collects information about teachers and para-professional staff in the elementary and secondary schools in Canada. The forms for collecting this information have been adapted for computer processing beginning with the school year 1973-74. The 1975-76 information was preprinted on the forms before they were mailed out to the field for the 1976-77 update."--Introduction, p. 2. |
| 546 | |aText in English and French. |
| 692 | 07|2gccst|aIndians |
| 692 | 07|2gccst|aTeachers |
| 692 | 07|2gccst|aStatistics |
| 710 | 2 |aIndian and Eskimo Affairs Program (Canada) |
| 710 | 1 |aCanada. |bIndian and Northern Affairs Canada. |
| 792 | |tEducational staff record 1976-1977 |efre|w(CaOODSP)9.838033 |
| 856 | 40|qPDF|s2.38 MB|uhttps://publications.gc.ca/collections/collection_2017/aanc-inac/R5-247-1977.pdf |